000 00673nam a22002177a 4500
003 UA-OsUOA
001 69015
007 ta
008 20100531b un ||||| |||| 00| 0 ukr d
100 _aФедулова Л.И.
090 _a330
_bФ34
942 _cSA
040 _aUA-OsUOA
_brus
_cUA-OsUOA
_dUA-OsUOA
245 _aТехнологическая политика в системе стратегии экономического развития
300 _aС.20-39
955 _a0
041 _arus
080 _a330
773 0 _w69013
_tЕкономіка і прогрнозування
_dК.
_d2010
_g1
650 7 _a330 Економіка взагалі
_2UDC
999 _c355269
_d355269